| 000 | 00588nam a22001937a 4500 | ||
|---|---|---|---|
| 003 | OSt | ||
| 005 | 20150321101751.0 | ||
| 008 | 150321b xxu||||| |||| 00| 0 eng d | ||
| 040 | _cBMC | ||
| 082 | _a823 | ||
| 100 | 1 |
_aAmis, Kingsley _d1922-1995 _933011 |
|
| 245 | 1 | 0 |
_aTodos queremos ser jóvenes _b: ("girl 20") _cKingsley Amis ; [Traducido por M.A. Menini] |
| 260 |
_aBarcelona [etc.] _bGrijalbo _c[1973] |
||
| 300 |
_a281 p. _c20 cm |
||
| 595 | _aTraducción de: Girl 20 | ||
| 650 | 2 | 4 |
_911162 _aNovela inglesa |
| 700 | 1 |
_930812 _aMenini, María Antonia |
|
| 942 |
_2ddc _cBK _hahoj |
||
| 999 |
_c19801 _d19801 |
||